Statistics for Top Songs of 2022

Click here to take the quiz!

General Stats

  • This quiz has been taken 34 times
  • The average score is 8 of 11

Answer Stats

WeeksArtist% Correct
11Harry Styles
97%
10Glass Animals
90%
4Mariah Carey
87%
7Sam Smith, Kim Petras
87%
3Taylor Swift
83%
1The Kid LAROI, Justin Bieber
83%
2GAYLE
77%
3Kate Bush
73%
1Joji
47%
1BLACKPINK
43%
9Bizarrap, Quevedo
27%

Score Distribution

Percentile by Number Answered

Percent of People with Each Score

Your Score History

You have not taken this quiz